Beyond The Trappings of Office/ (Record no. 206527)

MARC details
000 -LEADER
fixed length control field 00647nam a2200181 4500
005 - DATE AND TIME OF LATEST TRANSACTION
control field 20241021151627.0
010 ## - LCCN (DPL NO)
LC control number ENG-142213
020 ## - INTERNATIONAL STANDARD BOOK NUMBER
Terms of availability 795.00
International Standard Book Number 9789391125585
035 ## - SYSTEM CONTROL NUMBER
System control number EN-125745
037 ## - SOURCE OF ACQUISITION
Source of stock number/acquisition DBAD
082 ## - DEWEY DECIMAL CLASSIFICATION NUMBER
Classification number 352.63092
100 ## - MAIN ENTRY--PERSONAL NAME
Personal name Kashyap,Rajan
245 ## - TITLE STATEMENT
Title Beyond The Trappings of Office/
Statement of responsibility, etc Rajan Kashyap
260 ## - PUBLICATION, DISTRIBUTION, ETC. (IMPRINT)
Place of publication, distribution, etc New Delhi
Name of publisher, distributor, etc Niyogi Books
Date of publication, distribution, etc 2023
270 ## - ADDRESS
City New Delhi
Postal code 110020
Address Block D, Building No. 77, Okhla Industrial Area, Phase-I
Telephone number 91-11-26816301
-- 91-11-26818960
Electronic mail address niyogibooks@gmail.com0
300 ## - PHYSICAL DESCRIPTION
Extent 464p.
Dimensions 23cm(hb)
942 ## - ADDED ENTRY ELEMENTS (KOHA)
Source of classification or shelving scheme Dewey Decimal Classification
Item type English Books
Classification part 352.63092
Call number suffix KAS
Holdings
Withdrawn status Lost status Not for loan Collection code Home library Current library Date acquired Source of acquisition Cost, normal purchase price Full call number Barcode Copy number Cost, replacement price Koha item type
      Non-fiction Bawana Bawana 21/10/2024 DBAD 795.00 352.63092 KAS EN-125745 1 795.00 English Books

© Delhi Public Library
Hit Counter
free hit counter